| 000 | 00381cam a2200169ua 4500 | ||
|---|---|---|---|
| 020 | _cRs.2/- | ||
| 041 |
_ahin _h |
||
| 082 |
_a891.54 _bGAN/VI |
||
| 100 | _aGandhji, . | ||
| 245 |
_aVidyathiyomes / _cGandhji. _hTextual Documents |
||
| 260 |
_a : _bNavajeevan , _c1954. |
||
| 300 | _a226 ; . | ||
| 365 | _aRs.2/- | ||
| 504 | _a | ||
| 942 | _cBK | ||
| 999 |
_c12041 _d12041 |
||